| 000 | 01113cam a22002771i 4500 | ||
|---|---|---|---|
| 003 | SA-RiAUC | ||
| 005 | 20241220150033.0 | ||
| 008 | 241218s1994 su g 000 0 ara c | ||
| 020 | _z9660748383 | ||
| 040 |
_aKW-ShULA _bara _cSA-RiAUC _erda |
||
| 082 | 0 | 4 |
_a251.15 _qSA-RiAUC |
| 090 |
_a251.15 _bب ر هـ |
||
| 100 | 1 |
_aبرهامي، ياسر، _d1958- _eمؤلف. |
|
| 245 | 1 | 0 |
_aفقه الخلاف بين المسلمين : _bدعوة إلى علاقة أفضل بين الاتجاهات الإسلامية المعاصرة / _cياسر حسين برهامي. |
| 250 | _aالطبعة الأولى. | ||
| 264 | 1 |
_aالرياض : _bدار المسلم للنشر والتوزيع، _c1994 |
|
| 300 |
_a131 صفحة ؛ _c24 سم. |
||
| 336 |
_aنص _btxt _2rdacontent _3كتاب |
||
| 337 |
_aبدون وسيط _bn _2rdamedia |
||
| 338 |
_aمجلد _bnc _2rdacarrier |
||
| 490 | 0 |
_aقضايا منهجية ؛ _v13 |
|
| 650 | 7 |
_aالاختلاف (فقه إسلامي) _2aucsh |
|
| 650 | 7 |
_aأصول الفقه الإسلامي _2aucsh |
|
| 942 |
_2ddc _cBOOK _n0 |
||
| 949 |
_aSA-JeALM _d241218 _umohamedma123 _n1 |
||
| 999 |
_c3677 _d3677 |
||